000 00332nam a22001337a 4500
003 ost
005 20140310182216.0
008 130907t xxu||||| |||| 00| 0 eng d
050 _aMT 758
_b.F325 1972
082 _aHS 786.5
_bF34 1972
245 _aSo you want to play the piano. White book.
942 _2lcc
_cHS
999 _c10586
_d10586